Statystyki dla Totalna Porażka: na Wyspie Pahkitew Eliminacja

Kliknij tutaj aby rozwiązać quiz!

Ogólne statystyki

  • Ten quiz został rozwiązany 28 razy
  • Średni wynik to 10 z 14

Statystyki odpowiedzi

HintOdpowiedź% Poprawnych
13Leonard
89%
3Sugar
83%
12Amy
78%
14Beardo
78%
5Max
78%
1Sky
78%
7Dave
72%
4Jasmine
72%
11Rodney
72%
2Shawn
72%
10Samey
67%
6Scarlett
67%
8Topher
61%
9Ella
56%

Rozkład punktacji

Percentyl według liczby udzielonych odpowiedzi

Procent ludzi z każdym wynikiem

Twoja historia wyników

Nie rozwiązałeś tego quizu